|
|
|
|
| LEADER |
02694nam a22004695i 4500 |
| 001 |
978-3-540-31499-8 |
| 003 |
DE-He213 |
| 005 |
20151204152609.0 |
| 007 |
cr nn 008mamaa |
| 008 |
100806s2005 gw | s |||| 0|eng d |
| 020 |
|
|
|a 9783540314998
|9 978-3-540-31499-8
|
| 024 |
7 |
|
|a 10.1007/b12231
|2 doi
|
| 040 |
|
|
|d GrThAP
|
| 050 |
|
4 |
|a QD146-197
|
| 072 |
|
7 |
|a PNK
|2 bicssc
|
| 072 |
|
7 |
|a SCI013030
|2 bisacsh
|
| 082 |
0 |
4 |
|a 546
|2 23
|
| 245 |
1 |
0 |
|a Superconductivity in Complex Systems
|h [electronic resource] :
|b -/- /
|c edited by K. Alex Müller, Annette Bussmann-Holder.
|
| 264 |
|
1 |
|a Berlin, Heidelberg :
|b Springer Berlin Heidelberg,
|c 2005.
|
| 300 |
|
|
|a XII, 394 p. 210 illus., 5 illus. in color.
|b online resource.
|
| 336 |
|
|
|a text
|b txt
|2 rdacontent
|
| 337 |
|
|
|a computer
|b c
|2 rdamedia
|
| 338 |
|
|
|a online resource
|b cr
|2 rdacarrier
|
| 347 |
|
|
|a text file
|b PDF
|2 rda
|
| 490 |
1 |
|
|a Structure and Bonding,
|x 0081-5993 ;
|v 114
|
| 505 |
0 |
|
|a K.A. Müller: Essential Heterogeneities in Hole-Doped Cuprate Superconductors -- R. Micnas, S. Robaszkiewicz, A. Bussmann-Holder: Two-Component Scenarios for Non-Conventional (Exoctic) Superconductors -- O. Gunnarsson, J.E. Han, E. Koch, V.H. Crespi: Superconductivity in Alkali-Doped Fullerides -- S. Deng, A. Simon, J. Köhler: Pairing Mechanisms Viewed from Physics and Chemistry -- H. Keller: Unconventional Isotope Effects in Cuprate Superconductors -- A. Furrer: Neutron Scattering Investigations of Charge Inhomogeneities and the Pseudogap State in High-Temperature Superconductors -- B.I. Kochelaev, G.B. Teitel’baum: Nanoscale Properties of Superconducting Cuprates Probed by the Electron Paramagnetic Resonance -- T. Egami: Electron-Phonon Coupling in High-Tc Superconductors -- A. Bianconi, N.L. Saini: Nanoscale Lattice Fluctuations in Cuprates and Manganites -- D. Mihailovic, V.V. Kabanov: Dynamic Inhomogeneity, Pairing and Superconductivity in Cuprates -- A. Bussmann-Holder, H. Keller, K.A. Müller: Evidences for Polaron Formation in Cuprates.
|
| 650 |
|
0 |
|a Chemistry.
|
| 650 |
|
0 |
|a Inorganic chemistry.
|
| 650 |
|
0 |
|a Superconductivity.
|
| 650 |
|
0 |
|a Superconductors.
|
| 650 |
1 |
4 |
|a Chemistry.
|
| 650 |
2 |
4 |
|a Inorganic Chemistry.
|
| 650 |
2 |
4 |
|a Strongly Correlated Systems, Superconductivity.
|
| 700 |
1 |
|
|a Müller, K. Alex.
|e editor.
|
| 700 |
1 |
|
|a Bussmann-Holder, Annette.
|e editor.
|
| 710 |
2 |
|
|a SpringerLink (Online service)
|
| 773 |
0 |
|
|t Springer eBooks
|
| 776 |
0 |
8 |
|i Printed edition:
|z 9783540231240
|
| 830 |
|
0 |
|a Structure and Bonding,
|x 0081-5993 ;
|v 114
|
| 856 |
4 |
0 |
|u http://dx.doi.org/10.1007/b12231
|z Full Text via HEAL-Link
|
| 912 |
|
|
|a ZDB-2-CMS
|
| 950 |
|
|
|a Chemistry and Materials Science (Springer-11644)
|